Top 5 Strongest Alcoholic Drinks - Statistics

General Stats
  • This quiz has been taken 133 times
  • The average score is 4 of 5
Answer Stats
Hint % Answer % Correct
1 40-95 Vodka
97%
5 36-50 Whiskey
79%
4 36-50 Rum
65%
2 50-51 Tequila
64%
3 36-50 Gin
61%
No matching quizzes found
Score Distribution
Percent of People with Each Score
Percentile by Number Answered
Your Score History
You have not taken this quiz